000 01215nam a2200241Ia 4500
003 Ost
005 20260507075046.0
008 260507s9999||||xx |||||||||||||| ||und||
040 _cfsecg
041 _aara
082 _a600
100 _aعطية، هاشم أحمد
_eمؤلف
245 0 _aدراسات في المحاسبة المتخصصة :
_bالنظام المحاسبي المالي ونظام محاسبة التكاليف في المنشآت الخدمية "المستشفيات" /
_c هاشم أحمد عطية
260 _aالإسكندرية:
_bالدار الجامعية,
_c2000
300 _a340 صفحة؛
_bإيضاحات ؛
_c24 سم
504 _aببليوغرافيا: ص. 340
520 _aعموميات:نظام المعلومات ونشاط المستشفيات-النظام المحاسبي في المستشفيات-نظام محاسبة التكاليف في المستشفيات-أساليب تقييم الأداء في المستشفيات
653 _aالمستشفيات
653 _aالمستشفيات-محاسبة
653 _aمحاسبة التكاليف
700 _aعبد ربه محمد، محمد محمود
_eمؤلف ثانوي
942 _cكتاب
999 _c42574
_d42574